Islamské bankovníctvo v subsaharskej Afrike
Islamské bankovníctvo vo svete. Islamské bankovníctvo v subsaharskej Afrike.
Saved in:
| Main Author: | |
|---|---|
| Format: | Book Chapter |
| Language: | Slovak |
| Subjects: | |
| Tags: |
No Tags, Be the first to tag this record!
|
MARC
| LEADER | 00000naa$a2200000$$$4500 | ||
|---|---|---|---|
| 001 | 0257513 | ||
| 005 | 20240502074103.4 | ||
| 041 | 0 | |a slo | |
| 044 | |a SK | ||
| 245 | 1 | 0 | |a Islamské bankovníctvo v subsaharskej Afrike |c Natália Zagoršeková |
| 520 | |a Islamské bankovníctvo vo svete. Islamské bankovníctvo v subsaharskej Afrike. | ||
| 610 | 2 | 0 | |a bankovníctvo |
| 610 | 2 | 0 | |a Afrika |
| 610 | 2 | 0 | |a inštitúcie finančné |
| 100 | 1 | |a Zagoršeková, Natália, 1991- | |